Recerca educativa i recursos didàctics per a l'ensenyament : activitats realitzades en el marc dels I.C.E. de les tres universitats catalanes : 1982/83 activitats realitzades en el marc dels I.C.E. de les tres universitats catalanes :
Publicado:
Barcelona :
Generalitat de Catalunya, Departament d'Ensenyament, Secretaria General ,
1983
Descripción Física:
194 p. ; 24 cm
Materias:
Ensenyament
MARC
| LEADER | 00000nam a2200000Ia 4500 | ||
|---|---|---|---|
| 001 | 1278 | ||
| 008 | 160829s1983 xx 000 0 cat d | ||
| 080 | |a E-1-50 | ||
| 245 | |a Recerca educativa i recursos didàctics per a l'ensenyament : |b activitats realitzades en el marc dels I.C.E. de les tres universitats catalanes : |b 1982/83 | ||
| 260 | |a Barcelona : |b Generalitat de Catalunya, Departament d'Ensenyament, Secretaria General, |c 1983 | ||
| 300 | |a 194 p. ; |c 24 cm | ||
| 650 | |a Ensenyament |9 22046 | ||
| 710 | |a Catalunya. |b Departament d'Ensenyament |9 52899 | ||
| 901 | |a Arxiu | ||
| 942 | |n 1 | ||
| 952 | |0 0 |1 0 |4 0 |6 E150 |7 1 |9 44129 |a Arxiu |b Arxiu |d 2016-12-01 |l 0 |o E-1-50 |p 1278 |r 2016-12-01 00:00:00 |w 2016-12-01 |y ARXIU | ||
| 999 | |c 46709 |d 46709 | ||